Statistiken für Die 100 besten US-Amerikanischen Filme aller Zeiten

Klicken Sie hier um das Quiz zu spielen!

Allgemein

  • Dieses Quiz wurde 167 mal gespielt
  • Das Durchschnittsergebnis liegt bei 12 aus 100

Antwortstatistiken

PlatzierungFilmErscheinungsjahr% Korrekt
83.Titanic1997
73%
2.Der Pate1972
55%
6.Vom Winde verweht1939
49%
3.Casablanca1942
45%
32.Der Pate - Teil 21974
36%
76.Forrest Gump1994
36%
72.Die Verurteilten1994
35%
100.Ben Hur1959
33%
14.Psycho1960
32%
8.Schindlers Liste1993
32%
1.Citizen Kane1941
31%
94.Pulp Fiction1994
31%
92.GoodFellas - Drei Jahrzehnte in der Mafia1990
24%
15.2001: Odyssee im Weltraum1968
23%
24.E.T. - Der Außerirdische1982
23%
13.Krieg der Sterne1977
23%
9.Vertigo - Aus dem Reich der Toten1958
22%
74.Das Schweigen der Lämmer1991
21%
57.Rocky1976
21%
56.Der weiße Hai1975
20%
50.Der Herr der Ringe: Die Gefährten2001
19%
30.Apocalypse Now1979
18%
22.Manche mögen's heiß1959
18%
10.Der Zauberer von Oz1939
17%
52.Taxi Driver1976
17%
48.Das Fenster zum Hof1954
16%
71.Der Soldat James Ryan1998
16%
78.Moderne Zeiten1936
15%
33.Einer flog über das Kuckucksnest1975
14%
7.Lawrence von Arabien1962
14%
86.Platoon1986
14%
70.Uhrwerk Orange1971
14%
20.Ist das Leben nicht schön?1946
12%
11.Lichter der Großstadt1931
11%
55.Der unsichtbare Dritte1959
10%
53.Die durch die Hölle gehen1978
10%
81.Spartacus1960
10%
99.Toy Story1995
10%
51.West Side Story1961
10%
36.Die Brücke am Kwai1957
9%
84.Easy Rider1969
9%
4.Wie ein wilder Stier1980
9%
28.Alles über Eva1950
8%
35.Der Stadtneurotiker1977
8%
87.Die zwölf Geschworenen1957
8%
68.Erbarmungslos1992
8%
58.Goldrausch1925
8%
27.Zwölf Uhr mittags1952
8%
65.African Queen1951
7%
21.Chinatown1974
7%
46.Es geschah in einer Nacht1934
7%
41.King Kong und die weiße Frau1933
7%
97.Blade Runner1982
6%
42.Bonnie und Clyde1967
6%
80.Das Appartement1960
6%
17.Die Reifeprüfung1967
6%
39.Dr. Seltsam oder: Wie ich lernte, die Bombe zu lieben1964
6%
5.Du sollst mein Glücksstern sein1952
6%
16.Boulevard der Dämmerung1950
5%
38.Der Schatz der Sierra Madre1948
5%
12.Der schwarze Falke1956
5%
37.Die besten Jahre unseres Lebens1946
5%
19.Die Faust im Nacken1954
5%
23.Früchte des Zorns1940
5%
66.Jäger des verlorenen Schatzes1981
5%
88.Leoparden küsst man nicht1938
5%
34.Schneewittchen und die sieben Zwerge1937
5%
47.Endstation Sehnsucht1951
4%
75.In der Hitze der Nacht1967
4%
49.Intoleranz1916
4%
89.The Sixth Sense1999
4%
25.Wer die Nachtigall stört1962
4%
62.American Graffiti1973
3%
43.Asphalt-Cowboy1969
3%
77.Die Unbestechlichen1976
3%
96.Do the Right Thing1989
3%
29.Frau ohne Gewissen1944
3%
40.Meine Lieder - meine Träume1965
3%
82.Sonnenaufgang - Lied von zwei Menschen1927
3%
69.Tootsie1982
3%
63.Cabaret1972
2%
18.Der General1926
2%
44.Die Nacht vor der Hochzeit1940
2%
31.Die Spur des Falken1941
2%
93.French Connection - Brennpunkt Brooklyn1971
2%
54.M*A*S*H1970
2%
26.Mr. Smith geht nach Washington1939
2%
79.The Wild Bunch - Sie kannten kein Gesetz1969
2%
67.Wer hat Angst vor Virginia Woolf?1966
2%
59.Nashville1975
1%
64.Network1976
1%
91.Sophies Entscheidung1982
1%
73.Zwei Banditen1969
1%
95.Die letzte Vorstellung1971
0%
60.Die Marx Brothers im Krieg1933
0%
45.Mein großer Freund Shane1953
0%
85.Skandal in der Oper1935
0%
61.Sullivans Reisen1941
0%
90.Swing Time1936
0%
98.Yankee Doodle Dandy1942
0%

Verteilung der Resultate

Perzentil nach korrekt beantworteten Fragen

Anzahl Personen mit jedem Resultat

Ihre Resultats-Entwicklung

Sie haben dieses Quiz noch nicht gespielt